000 00370pab a2200145 454500
008 180718b1988 xxu||||| |||| 00| 0 eng d
100 _aUpadhyay, T.N
245 _aFor success of multi - level planning
260 _c1988
300 _a4-7
362 _a16 Dec.
650 _aAdministrative Decentralisation - India - Uttar Pradesh
773 _aYojana
909 _a3178
999 _c3178
_d3178